[Event "Basel op"]
[Site "Basel"]
[Date "2020.01.04"]
[Round "5"]
[White "Brandt, Daniel"]
[Black "Simon, Ralf Axel"]
[Result "0-1"]
[WhiteElo "1832"]
[BlackElo "2130"]
[PlyCount "54"]
[EventDate "2020.01.02"]
[EventType "swiss"]
[EventRounds "7"]
[EventCountry "SUI"]
[SourceTitle "CBM 194 Extra"]
[Source "ChessBase"]
[SourceDate "2020.03.31"]
[SourceVersion "1"]
[SourceVersionDate "2020.03.31"]
[SourceQuality "1"]

1. c4 e6 2. g3 d5 3. Bg2 d4 4. d3 Bc5 5. e3 Ne7 6. exd4 Bxd4 7. Nf3 Nec6 8. 0-0 Bc5 9. b3 0-0 10. Bb2 Re8 11. h4 e5 12. Nh2 Bd6 13. Na3 Nd7 14. Nc2 a5 15. Qd2 Nc5 16. f4 exf4 17. gxf4 Qxh4 18. Nd4 Nxd4 19. Bxd4 Bf5 20. Rf3 Rad8 21. Kh1 Nxd3 22. Bh3 Nxf4 23. Bxf5 Re2 24. Bf2 Qg5 25. Rxf4 Rxd2 26. Rf3 Re8 27. Rg1 Qh5 0-1

[Event "Zuoz Engiadina op 26th"]
[Site "Zuoz"]
[Date "2019.10.07"]
[Round "3"]
[White "Simon, Ralf Axel"]
[Black "Arquint, Andri"]
[Result "1/2-1/2"]
[WhiteElo "2147"]
[BlackElo "1994"]
[PlyCount "148"]
[EventDate "2019.10.05"]
[EventType "swiss"]
[EventRounds "7"]
[EventCountry "SUI"]
[SourceTitle "EXT 2020"]
[Source "ChessBase"]
[SourceDate "2019.10.17"]
[SourceVersion "1"]
[SourceVersionDate "2019.10.17"]
[SourceQuality "1"]

1. Nf3 c5 2. c4 Nc6 3. e3 g6 4. d4 Bg7 5. Nc3 d6 6. Be2 Bg4 7. d5 Bxf3 8. Bxf3 Bxc3+ 9. bxc3 Ne5 10. Be2 Qa5 11. Qb3 Nf6 12. Rb1 Rb8 13. Qb5+ Qxb5 14. Rxb5 a6 15. Rb3 0-0 16. f4 Ned7 17. Bd3 Rfc8 18. a4 b5 19. axb5 axb5 20. Rxb5 Rxb5 21. cxb5 c4 22. Be2 Nxd5 23. Bd2 f5 24. 0-0 N7f6 25. Bf3 Rb8 26. Rb1 Kg7 27. Kf2 Ne4+ 28. Bxe4 fxe4 29. Ke2 Rb6 30. Be1 h6 31. Kd2 Nc7 32. Rb4 d5 33. f5 gxf5 34. Bg3 Ne6 35. Be5+ Kg6 36. Ke2 Kg5 37. g3 Kg4 38. Rb2 h5 39. h4 Rb7 40. b6 Nf8 41. Rb5 e6 42. Kf2 Nd7 43. Bc7 e5 44. Kg2 d4 45. cxd4 c3 46. Rb3 exd4 47. exd4 c2 48. Rc3 Nxb6 49. Rc6 f4 50. Bxf4 Kf5 51. Rxc2 Nd5 52. Bc1 Rb4 53. Rc8 Rxd4 54. Rg8 Nf6 55. Rg5+ Ke6 56. Bf4 Rd5 57. Rg7 Ra5 58. Rb7 Ra2+ 59. Kf1 Nd5 60. Rh7 Nf6 61. Rb7 Ra1+ 62. Ke2 Ra2+ 63. Ke3 Ra3+ 64. Ke2 Nd5 65. Rh7 Ra2+ 66. Kf1 Nf6 67. Rb7 Kf5 68. Rf7 Kg6 69. Re7 Kf5 70. Rg7 Ra1+ 71. Ke2 Ra2+ 72. Kd1 Ke6 73. Bg5 Ng4 74. Rh7 Rg2 1/2-1/2

[Event "Berlin Lichtenberger op 18th"]
[Site "Berlin"]
[Date "2019.08.25"]
[Round "9"]
[White "Simon, Ralf Axel"]
[Black "Jachym, Adam"]
[Result "1/2-1/2"]
[WhiteElo "2131"]
[BlackElo "1994"]
[PlyCount "109"]
[EventDate "2019.08.17"]
[EventType "swiss"]
[EventRounds "9"]
[EventCountry "GER"]
[SourceTitle "EXT 2020"]
[Source "ChessBase"]
[SourceDate "2019.10.17"]
[SourceVersion "1"]
[SourceVersionDate "2019.10.17"]
[SourceQuality "1"]

1. Nf3 d5 2. e3 Nf6 3. c4 c6 4. Be2 e6 5. 0-0 Bd6 6. d4 Nbd7 7. Qc2 Ne4 8. b3 g5 9. Ba3 g4 10. Nfd2 Bxh2+ 11. Kxh2 Qh4+ 12. Kg1 g3 13. fxg3 Nxg3 14. Nf3 Qh1+ 15. Kf2 Nxf1 16. Bxf1 Nf6 17. Nc3 Rg8 18. Re1 e5 19. Nxe5 Bh3 20. Ke2 Bxg2 21. Qf5 Qh5+ 22. Qxh5 Nxh5 23. Kd3 f6 24. Bxg2 Rxg2 25. Nf3 Kf7 26. Rh1 Ng7 27. Rxh7 Rg3 28. Nd2 Re8 29. Nd1 Kg6 30. Rh1 Nf5 31. Re1 Nh4 32. cxd5 Ng2 33. Rf1 Nxe3 34. Nxe3 Rexe3+ 35. Kc2 cxd5 36. Rh1 Re2 37. Bc1 Rg4 38. Kd3 Rf2 39. Rh8 f5 40. Rd8 Rg3+ 41. Kc2 f4 42. Rxd5 Rg1 43. Rd8 Kf7 44. Rd7+ Ke6 45. Rxb7 f3 46. d5+ Kxd5 47. Rxa7 Re2 48. Rf7 f2 49. Kd3 Rxd2+ 50. Bxd2 f1Q+ 51. Rxf1 Rxf1 52. a4 Rb1 53. Kc3 Rxb3+ 54. Kxb3 Kc6 55. Bb4 1/2-1/2

[Event "GER-ch Seniors 65 31st"]
[Site "Radebeul"]
[Date "2019.05.03"]
[Round "8"]
[White "Simon, Ralf Axel"]
[Black "Just, Joachim"]
[Result "1-0"]
[WhiteElo "2126"]
[BlackElo "1970"]
[PlyCount "65"]
[EventDate "2019.04.26"]
[EventType "swiss"]
[EventRounds "9"]
[EventCountry "GER"]
[SourceTitle "CBM 190 Extra"]
[Source "ChessBase"]
[SourceDate "2019.07.15"]
[SourceVersion "1"]
[SourceVersionDate "2019.07.15"]
[SourceQuality "1"]

1. Nf3 g6 2. e4 d6 3. d4 Bg7 4. Bd3 a6 5. 0-0 b5 6. a4 b4 7. Bd2 a5 8. c3 c5 9. Qe2 Ba6 10. dxc5 dxc5 11. Bxa6 Nxa6 12. Qb5+ Kf8 13. e5 Nc7 14. Qxc5 Ne6 15. Qb5 Rb8 16. Qe2 Nh6 17. cxb4 axb4 18. a5 Nc5 19. Rd1 Qc7 20. Rc1 Ng4 21. Qc4 Nxe5 22. Nxe5 Bxe5 23. Qxc5 Qxc5 24. Rxc5 Bxb2 25. Ra4 Rd8 26. Kf1 Kg7 27. Rxb4 Ba3 28. Bc3+ f6 29. Nxa3 Rd1+ 30. Ke2 Rhd8 31. Rc7 R1d5 32. Rxe7+ Kf8 33. Rbb7 1-0

[Event "GER-ch Seniors 65 31st"]
[Site "Radebeul"]
[Date "2019.04.30"]
[Round "5"]
[White "Tuertmann, Dieter"]
[Black "Simon, Ralf Axel"]
[Result "1/2-1/2"]
[WhiteElo "1947"]
[BlackElo "2126"]
[PlyCount "120"]
[EventDate "2019.04.26"]
[EventType "swiss"]
[EventRounds "9"]
[EventCountry "GER"]
[SourceTitle "CBM 190 Extra"]
[Source "ChessBase"]
[SourceDate "2019.07.15"]
[SourceVersion "1"]
[SourceVersionDate "2019.07.15"]
[SourceQuality "1"]

1. b3 e5 2. Bb2 Nc6 3. e3 Nf6 4. Be2 d5 5. a3 Bd6 6. d3 0-0 7. Nd2 Re8 8. Bf3 e4 9. Bxf6 Qxf6 10. dxe4 Qb2 11. Rb1 Qxa3 12. exd5 Nd4 13. Ne2 Nxf3+ 14. Nxf3 Bg4 15. 0-0 Bxf3 16. gxf3 Be5 17. Kh1 Rad8 18. c4 Qe7 19. f4 Bf6 20. Ng3 g6 21. Qf3 Bg7 22. e4 Qh4 23. Rbd1 Bh6 24. Ne2 Qf6 25. Rd3 Re7 26. Rg1 Rde8 27. e5 Qf5 28. Rg4 Kh8 29. Rh4 Bg7 30. Nd4 Qd7 31. Qh3 Qxh3 32. Rhxh3 f6 33. e6 f5 34. Ne2 Rd8 35. Rhe3 a5 36. c5 Kg8 37. d6 cxd6 38. cxd6 Ree8 39. d7 Re7 40. Rd5 Bf6 41. Rxa5 Rg7 42. Rc5 Kf8 43. Rc7 b5 44. Rb7 Ke7 45. Rxb5 Rgg8 46. Rd5 Ra8 47. Kg2 Ra6 48. Nd4 Rd8 49. Nb5 Rxe6 50. Red3 Ra6 51. Nc7 Ra7 52. Re3+ Kf7 53. Ne8 Raxd7 54. Rxd7+ Rxd7 55. Nxf6 Kxf6 56. h4 Rd4 57. Kf3 Rb4 58. Kg3 Rb7 59. Kf3 Rb4 60. Rc3 Kg7 1/2-1/2

[Event "GER-ch Seniors 65 31st"]
[Site "Radebeul"]
[Date "2019.04.29"]
[Round "4"]
[White "Simon, Ralf Axel"]
[Black "Schroeder, Christian"]
[Result "1-0"]
[WhiteElo "2126"]
[BlackElo "1957"]
[PlyCount "97"]
[EventDate "2019.04.26"]
[EventType "swiss"]
[EventRounds "9"]
[EventCountry "GER"]
[SourceTitle "CBM 190 Extra"]
[Source "ChessBase"]
[SourceDate "2019.07.15"]
[SourceVersion "1"]
[SourceVersionDate "2019.07.15"]
[SourceQuality "1"]

1. Nf3 d5 2. e3 c5 3. b3 Bg4 4. Bb2 e6 5. h3 Bh5 6. Bb5+ Nc6 7. g4 Bg6 8. Ne5 Qc7 9. h4 f6 10. Bxc6+ bxc6 11. Nxg6 hxg6 12. Qe2 0-0-0 13. Nc3 g5 14. h5 Nh6 15. 0-0-0 Bd6 16. Na4 Qa5 17. c4 Rhe8 18. Kb1 e5 19. cxd5 cxd5 20. Bc3 Qc7 21. Rc1 Kb8 22. Bb4 c4 23. Bxd6 Qxd6 24. bxc4 Qb4+ 25. Nb2 dxc4 26. Rc3 Re7 27. Rhc1 Rb7 28. R1c2 Rc8 29. a3 Qb6 30. Rxc4 Rxc4 31. Rxc4 Rc7 32. d3 Qb3 33. Qc2 Qxc2+ 34. Kxc2 Nf7 35. Rxc7 Kxc7 36. Kc3 Nd8 37. Na4 Nc6 38. Nc5 Ne7 39. Kc4 Kc6 40. Ne4 Ng8 41. Ng3 Nh6 42. f3 a6 43. d4 exd4 44. exd4 Kd6 45. Nf5+ Nxf5 46. gxf5 Kc6 47. d5+ Kd6 48. Kd4 a5 49. a4 1-0

[Event "Berlin-ch Seniors op 35th"]
[Site "Berlin"]
[Date "2019.02.05"]
[Round "7"]
[White "Schulz, Michael"]
[Black "Simon, Ralf Axel"]
[Result "1-0"]
[WhiteElo "2233"]
[BlackElo "2075"]
[PlyCount "53"]
[EventDate "2019.01.29"]
[EventType "swiss"]
[EventRounds "9"]
[EventCountry "GER"]
[SourceTitle "CBM 189 Extra"]
[Source "ChessBase"]
[SourceDate "2019.06.03"]
[SourceVersion "1"]
[SourceVersionDate "2019.06.03"]
[SourceQuality "1"]

1. d4 d5 2. Bg5 h6 3. Bh4 c6 4. Nd2 Qb6 5. e3 Qxb2 6. Bd3 e6 7. Ngf3 Be7 8. Bg3 Nf6 9. 0-0 Qb6 10. c4 0-0 11. e4 dxe4 12. Nxe4 Nxe4 13. Bxe4 Nd7 14. Bc2 Rd8 15. Rb1 Qa5 16. Qe2 b6 17. d5 cxd5 18. Rb5 Qa3 19. Bc7 Re8 20. cxd5 Nf6 21. Be5 Nxd5 22. Rb3 Qa5 23. Nd4 Bf6 24. Qe4 Bxe5 25. Qh7+ Kf8 26. Nc6 g6 27. Nxe5 1-0

[Event "Berlin-ch Seniors op 35th"]
[Site "Berlin"]
[Date "2019.02.02"]
[Round "5"]
[White "Simon, Ralf Axel"]
[Black "Richter, Hans Peter"]
[Result "1-0"]
[WhiteElo "2075"]
[BlackElo "2079"]
[PlyCount "24"]
[EventDate "2019.01.29"]
[EventType "swiss"]
[EventRounds "9"]
[EventCountry "GER"]
[SourceTitle "CBM 189 Extra"]
[Source "ChessBase"]
[SourceDate "2019.06.03"]
[SourceVersion "1"]
[SourceVersionDate "2019.06.03"]
[SourceQuality "1"]

1. Nf3 Nc6 2. d4 d5 3. e3 Nf6 4. c4 e6 5. a3 dxc4 6. Nbd2 Na5 7. Qa4+ c6 8. Nxc4 Nxc4 9. Qxc4 Bd6 10. Bd3 e5 11. dxe5 Bxe5 12. Nxe5 Qa5+ 1-0

[Event "Basel op"]
[Site "Basel"]
[Date "2019.01.04"]
[Round "4"]
[White "Simon, Ralf Axel"]
[Black "Boricha, Ketan"]
[Result "1/2-1/2"]
[WhiteElo "2075"]
[BlackElo "2095"]
[PlyCount "89"]
[EventDate "2019.01.02"]
[EventType "swiss"]
[EventRounds "7"]
[EventCountry "SUI"]
[SourceTitle "CBM 188 Extra"]
[Source "ChessBase"]
[SourceDate "2019.02.26"]
[SourceVersion "1"]
[SourceVersionDate "2019.02.26"]
[SourceQuality "1"]

1. Nf3 d5 2. e3 Nf6 3. c4 c6 4. Be2 Bg4 5. h3 Bxf3 6. Bxf3 dxc4 7. Na3 Qd3 8. Be2 Qd5 9. 0-0 b5 10. b3 Qe5 11. Rb1 cxb3 12. d4 Qd5 13. Rxb3 a6 14. Bf3 Ne4 15. Nb1 f5 16. Nd2 Nd7 17. Bxe4 fxe4 18. Qc2 Nf6 19. Rc3 e6 20. Rxc6 Bd6 21. Bb2 0-0 22. f3 exf3 23. e4 Qg5 24. Rxf3 Bf4 25. Nf1 Nh5 26. Rc5 e5 27. Qf2 Nf6 28. Qe2 Qg6 29. dxe5 Nxe4 30. Rc2 Ng5 31. Rfc3 Rae8 32. Rc6 Nxh3+ 33. Kh1 Nf2+ 34. Qxf2 Qh5+ 35. Kg1 Bxe5 36. g4 Qxg4+ 37. Qg2 Rxf1+ 38. Kxf1 Qd1+ 39. Kf2 Bd4+ 40. Kg3 Qe1+ 41. Kh2 Qe5+ 42. Qg3 Qh5+ 43. Kg2 Qd5+ 44. Qf3 Qg5+ 45. Qg3 1/2-1/2

[Event "Berlin Lichtenberger op 17th"]
[Site "Berlin"]
[Date "2018.08.18"]
[Round "1"]
[White "Simon, Ralf Axel"]
[Black "Geldner, Gerrit"]
[Result "1/2-1/2"]
[WhiteElo "2149"]
[BlackElo "1780"]
[PlyCount "125"]
[EventDate "2018.08.18"]
[EventType "swiss"]
[EventRounds "9"]
[EventCountry "GER"]
[SourceTitle "CBM 186 Extra"]
[Source "ChessBase"]
[SourceDate "2018.08.24"]
[SourceVersion "1"]
[SourceVersionDate "2018.08.24"]
[SourceQuality "1"]

1. Nf3 Nf6 2. c4 d5 3. cxd5 Nxd5 4. e4 Nb6 5. d4 Bg4 6. Be3 N8d7 7. Nc3 e6 8. Be2 Bb4 9. Qb3 Bxc3+ 10. Qxc3 0-0 11. h3 Bh5 12. a4 Nf6 13. a5 Nbd7 14. Qc2 Qe7 15. 0-0 Rfc8 16. Rfc1 c6 17. Ra4 a6 18. Rc4 h6 19. Bd2 Rd8 20. Bb4 Qe8 21. Bd6 Bxf3 22. Bxf3 Nf8 23. Bg3 Ng6 24. h4 Rd7 25. h5 Nf8 26. Be5 N8h7 27. Qe2 Rad8 28. g4 Qe7 29. Bg2 Ne8 30. Rd1 Nd6 31. Bxd6 Rxd6 32. e5 R6d7 33. f4 f6 34. Qe3 fxe5 35. Qxe5 Qf6 36. Be4 Qxe5 37. Bxh7+ Kxh7 38. fxe5 Rd5 39. Rd3 Rxa5 40. Rb3 Rd7 41. Kf2 Rb5 42. Rxb5 cxb5 43. Rb4 Kg8 44. Ke3 Kf7 45. Ke4 Ke7 46. Rb3 Rc7 47. Rg3 Rc2 48. b3 b4 49. g5 hxg5 50. Rxg5 Kf7 51. d5 exd5+ 52. Kxd5 Re2 53. Kc5 Ke6 54. Kxb4 Rxe5 55. Rxg7 Rb5+ 56. Kc4 Kd6 57. h6 Ke6 58. h7 Rh5 59. Rg6+ Kd7 60. Rg7+ Kc6 61. Rg6+ Kd7 62. Rg7+ Kc6 63. Rg6+ 1/2-1/2

[Event "GER-ch Seniors 65"]
[Site "Hamburg"]
[Date "2018.07.23"]
[Round "3"]
[White "Simon, Ralf Axel"]
[Black "Pfitzer, Norbert"]
[Result "1-0"]
[WhiteElo "2156"]
[BlackElo "2040"]
[PlyCount "80"]
[EventDate "2018.07.21"]
[EventType "swiss"]
[EventRounds "9"]
[EventCountry "GER"]
[SourceTitle "CBM 186 Extra"]
[Source "ChessBase"]
[SourceDate "2018.08.24"]
[SourceVersion "1"]
[SourceVersionDate "2018.08.24"]
[SourceQuality "1"]

1. Nf3 Nf6 2. c4 g6 3. Nc3 Bg7 4. e4 d6 5. d4 c6 6. Be2 Qa5 7. 0-0 Nbd7 8. Bd2 Qc7 9. Qc2 0-0 10. Rac1 b6 11. d5 c5 12. Ne1 a6 13. f4 e5 14. f5 h6 15. g4 g5 16. h4 Nh7 17. Nf3 f6 18. Rf2 Kf7 19. Rh2 Rh8 20. Kf2 Ndf8 21. Rch1 Bd7 22. a3 Rb8 23. hxg5 fxg5 24. Qc1 Qd8 25. b4 Kg8 26. Kg3 Nf6 27. Bd3 N6h7 28. Rh3 Be8 29. R1h2 Bd7 30. Be3 Qe7 31. Rb2 Kf7 32. Qb1 Qd8 33. Rhh2 Qc7 34. Rb3 Be8 35. Rbb2 Nd7 36. Na4 b5 37. cxb5 cxb4 38. b6 Nxb6 39. Nxb6 Rxb6 40. axb4 Rb7 1-0

[Event "GER-ch Seniors 65"]
[Site "Hamburg"]
[Date "2018.07.21"]
[Round "1"]
[White "Simon, Ralf Axel"]
[Black "Nemoj, Ilja"]
[Result "1-0"]
[WhiteElo "2156"]
[BlackElo "1800"]
[PlyCount "42"]
[EventDate "2018.07.21"]
[EventType "swiss"]
[EventRounds "9"]
[EventCountry "GER"]
[SourceTitle "CBM 186 Extra"]
[Source "ChessBase"]
[SourceDate "2018.08.24"]
[SourceVersion "1"]
[SourceVersionDate "2018.08.24"]
[SourceQuality "1"]

1. Nf3 e6 2. g3 d5 3. Bg2 Bd6 4. c4 c6 5. 0-0 Nd7 6. b3 f5 7. Ba3 Qf6 8. d4 Bc7 9. Nc3 Ne7 10. Rc1 0-0 11. cxd5 Nxd5 12. Bxf8 Qxf8 13. e4 Nxc3 14. Rxc3 fxe4 15. Ng5 Nf6 16. Nxe4 e5 17. Nxf6+ gxf6 18. d5 Ba5 19. Rc4 cxd5 20. Qxd5+ Kh8 21. Qxa5 b6 1-0

[Event "Oberliga Nord O 1718"]
[Site "Germany"]
[Date "2018.02.25"]
[Round "7.3"]
[White "Simon, Ralf Axel"]
[Black "Lorenz, Sascha"]
[Result "0-1"]
[WhiteElo "2162"]
[BlackElo "2229"]
[PlyCount "96"]
[EventDate "2017.10.08"]
[EventType "team-tourn"]
[EventRounds "9"]
[EventCountry "GER"]
[SourceTitle "EXT 2019"]
[Source "ChessBase"]
[SourceDate "2018.10.10"]
[SourceVersion "1"]
[SourceVersionDate "2018.10.10"]
[SourceQuality "1"]
[WhiteTeam "Neuruppin"]
[BlackTeam "Berlin Tegel II"]
[WhiteTeamCountry "GER"]
[BlackTeamCountry "GER"]

1. Nf3 f5 2. c4 Nf6 3. Nc3 e6 4. Qc2 b6 5. e4 fxe4 6. Nxe4 Bb7 7. Bd3 Na6 8. Neg5 Nb4 9. Bg6+ hxg6 10. Qxg6+ Ke7 11. a3 Bxf3 12. gxf3 Nc6 13. Nf7 Rh6 14. Nxh6 gxh6 15. b3 d5 16. Bb2 d4 17. 0-0-0 Ne5 18. Qc2 c5 19. f4 Nc6 20. Rde1 Qd6 21. f5 e5 22. d3 Kd7 23. f4 Re8 24. fxe5 Nxe5 25. b4 cxb4 26. axb4 Qxb4 27. Re2 Bc5 28. Rhe1 Nfg4 29. Re4 Nf3 30. Rxe8 Nxe1 31. Qe2 Nxd3+ 32. Qxd3 Kxe8 33. Qe4+ Kf8 34. Qxg4 Qxc4+ 35. Kb1 Qf7 36. Qf4 Qf6 37. Qb8+ Kg7 38. Qxa7+ Qf7 39. f6+ Kxf6 40. Qb8 Qe6 41. Bc1 Kg6 42. Qh8 Kh5 43. Kb2 Bd6 44. Qa8 Qe2+ 45. Kb1 Qb5+ 46. Kc2 d3+ 47. Kd1 Qb3+ 48. Ke1 Qe6+ 0-1

[Event "Basel op"]
[Site "Basel"]
[Date "2018.01.06"]
[Round "8"]
[White "Simon, Ralf Axel"]
[Black "Goldie, Thomas"]
[Result "1-0"]
[WhiteElo "2146"]
[BlackElo "2098"]
[PlyCount "79"]
[EventDate "2018.01.02"]
[EventType "swiss"]
[EventRounds "9"]
[EventCountry "SUI"]
[SourceTitle "CBM 182 Extra"]
[Source "ChessBase"]
[SourceDate "2018.02.23"]
[SourceVersion "1"]
[SourceVersionDate "2018.02.23"]
[SourceQuality "1"]

1. Nf3 Nf6 2. c4 c6 3. Nc3 d5 4. e3 e6 5. d4 Be7 6. Qc2 0-0 7. b3 Nbd7 8. Bd3 c5 9. cxd5 exd5 10. 0-0 h6 11. Bb2 b6 12. Rac1 Bb7 13. Rfd1 Rc8 14. Qe2 cxd4 15. Nxd4 Nc5 16. Bf5 Ra8 17. g3 g6 18. Bh3 a6 19. Ba1 Kh7 20. Qb2 Rg8 21. b4 Ncd7 22. Nde2 a5 23. Nf4 Ne5 24. Ncxd5 Nf3+ 25. Kh1 Nxd5 26. Nxd5 Bxd5 27. Bg2 Bxb4 28. e4 Qe7 29. exd5 Ba3 30. Qc3 Bxc1 31. d6 Qd7 32. Bxf3 Rac8 33. Qd4 Bg5 34. h4 Bd8 35. Bg4 f5 36. Bf3 Rc5 37. Bd5 Rg7 38. Be6 Qb7+ 39. Kh2 Rc2 40. Kg1 1-0